000 00537nam a2200205Ia 4500
005 20240823045913.0
008 240823s9999||||xx |||||||||||||| ||und||
020 _a0-7619-9428-9
041 _aENGLISH
082 _A658.31243 Q0
100 _aRolf P Lynton
245 0 _aTraining for Organizational Transformation
250 _a1st
260 _c2010
_bSage Publications India P.
_aNEW DELHI
500 _aYES
650 _aTransformation of Indian Economy
_bGeneral
700 _a Udai Pareek
942 _cBK
999 _c216028
_d216028